[Event "8th SC 1400/1800"]
[Site "SchemingMind.com"]
[Date "2006.04.20"]
[Round "-"]
[White "keen"]
[Black "GeorgeC5"]
[Result "0-1"]
[WhiteCountry "SCO"]
[BlackCountry "USA"]
[WhiteElo "1688"]
[WhiteRD "60"]
[BlackElo "1899"]
[BlackRD "108"]
[GameID "47338"]

1. e4 c5 2. Nf3 d6 3. d4 cxd4 4. Nxd4 Nf6 5. Nc3 a6 6. Bg5 e6 7. Qd2 h6 8. Bh4 Nxe4 9. Bxd8 Nxd2 10. Kxd2 Kxd8
11. Rd1 Nc6 12. Kc1 Nxd4 13. Rxd4 Bd7 14. f3 d5 15. Be2 Bd6 16. g3 Be5 17. Rdd1 Rc8 18. Nxd5 exd5 19. Rxd5 Re8 20. Rhd1 Rc7
21. Bf1 Kc8 22. f4 Bf6 23. Rxd7 Rxd7 24. Bh3 Re7 25. Rxd7 Rxd7 26. c3 Be7 27. a3 Bc5 28. Kc2 Bg1 29. Bxd7+ Kxd7 30. h3 Bh2
0-1